| 000 | 00622cam a22002053a 4500 | ||
|---|---|---|---|
| 001 | 44680 | ||
| 003 | PGUSA | ||
| 005 | 20140828084023.0 | ||
| 008 | 140116s2014||||xxu|||||s|||||000 | eng d | ||
| 040 |
_aPGUSA _beng |
||
| 042 | _adc | ||
| 100 | 1 |
_aFenn, George Manville, _d1831-1909 |
|
| 245 | 1 | 0 |
_aJungle and Stream : _bOr The Adventures of Two Boys in Siam _h[electronic resource] / _cGeorge Manville Fenn |
| 260 |
_bProject Gutenberg, _c2014 |
||
| 506 | _aPublic domain in the USA. | ||
| 516 | _aElectronic text | ||
| 830 | 0 |
_aProject Gutenberg _v44680 |
|
| 856 | 4 | 0 | _uhttp://www.gutenberg.org/ebooks/44680 |
| 942 | _cEB | ||
| 999 |
_c273931 _d273931 |
||